| 000 | 00530nam a22001817a 4500 | ||
|---|---|---|---|
| 005 | 20251108174600.0 | ||
| 008 | 250721s2009 xx 000 0 ara d | ||
| 082 | 1 | 4 | _a613.2/قعق |
| 100 | 1 |
_aالقعقاع، عبد الله _eمؤلف |
|
| 245 | 1 | 0 | _aالتغذية العلاجية / |
| 264 | 1 |
_aعمان : _bالمعتز للنشر و التوزيع، _c2009. |
|
| 300 | _a389 ص. | ||
| 650 | 1 | 7 | _aالصحه |
| 650 | 1 | 7 | _aالاغذيه |
| 650 | 1 | 7 | _aالاطعمه الصحيه |
| 942 |
_2ddc _cBK |
||
| 999 |
_c112802 _d112802 |
||